Los trastornos de la personalidad: modelos y tratamiento

Guardat en:
Dades bibliogràfiques
Autors principals: Dimaggio, Giancarlo (Autor), Semerari, Antonio (Autor)
Format: Llibre
Idioma:espanyol
Publicat: Bilbao Desclée de Brouwer 2008
Col·lecció:Biblioteca de Psicología,151
Matèries:
Etiquetes: Afegir etiqueta
Sense etiquetes, Sigues el primer a etiquetar aquest registre!

MARC

LEADER 00000nam a2200000 a 4500
001 UCG1235
003 CL-VaPUC
008 100429e20080000SP |||||||||||||||||spa|d
020 |a 9788433022202 
082 0 4 |a 155.2  |b DIM  |2 21 
100 0 |a Dimaggio, Giancarlo  |e author  |9 549048 
700 0 |a Semerari, Antonio  |e author  |9 549049 
245 1 4 |a Los trastornos de la personalidad: modelos y tratamiento 
300 |a 596 p 
942 |c BK 
945 |d 20100429 00:00:00  |a rbrito 
260 |a Bilbao  |b Desclée de Brouwer  |c 2008 
650 0 |a Trastornos de la personalidad   |9 307698 
650 0 |a Trastornos del comportamiento  |9 311363 
650 0 |a Personalidad   |9 307255 
650 0 |a Psicología individual  |9 309049 
650 7 |a PSICOTERAPIA  |2 CL-VaPUC  |9 549050 
583 |a last modification  |c 20100429 00:00:00  |k Rodrigo Vera 
490 0 |a Biblioteca de Psicología,151 
999 |c 340643  |d 340641 
952 |0 0  |1 0  |4 0  |6 155_200000000000000_DIM_2008  |7 0  |8 A  |9 435551  |a BIBEDU  |b BIBEDU  |d 2019-11-22  |i 4666259  |l 3  |m 1  |o 155.2 DIM 2008  |p 4666259  |r 2023-08-29  |s 2023-08-29  |w 2019-11-22  |y BK  |k PSI